| 000 | 00629nam a2200205 a 4500 | ||
|---|---|---|---|
| 005 | 20210223133602.0 | ||
| 008 | 180521s1985 mx r 000 0 spa d | ||
| 020 | _a9684960603 | ||
| 035 | _aUPN01000224885 | ||
| 049 | _aCG | ||
| 050 | 4 |
_aLC1776 _bG3.3 |
|
| 100 | 1 |
_aGalván Lafarga, Luz Elena _937756 |
|
| 245 | 1 | 3 |
_aLa educación superior de la mujer en México : _b1876-1940 / _cLuz Elena Galván. |
| 260 |
_aMéxico : _bCIESAS, _c1985. |
||
| 300 | _a95 p. | ||
| 440 | 0 |
_aCuadernos de la casa chata ; _v109 |
|
| 650 | 4 |
_aMUJERES - _xEDUCACION SUPERIOR - _zMEXICO - _xHISTORIA _926838 |
|
| 905 | _aLibro | ||
| 999 |
_c196982 _d196982 |
||